000 00308nam a22001337a 4500
008 210426b ||||| |||| 00| 0 eng d
041 _aeng
080 _a331.101.262
082 _a331.101.262
100 _a52
101 _aBNJ
245 _aThe Consulting Process in Action
_cLippitt,G
942 _2udc
_cBK
999 _c56767
_d56767